| 000 | 01114nac a22003497a 4500 | ||
|---|---|---|---|
| 001 | BR0501327 | ||
| 003 | BR-BrBNA | ||
| 005 | 20240105123127.0 | ||
| 008 | 230509b bl.|||m| |||| 00| 0 por d | ||
| 040 |
_aBR-BrBNA _bpor _cBiblioteca Nacional de Agricultura |
||
| 072 | _aE14 | ||
| 090 | _a1540 BR0501327 | ||
| 100 | 1 | _aAraújo, J.L.P. | |
| 100 | 1 | _aCavalcanti, J. | |
| 100 | 1 | _aCorreia, R.C. | |
| 100 | 1 | _aRamalho, P.J.P. | |
| 110 | 1 | _aEMBRAPA Semi-Árido, Petrolina, PE (Brasil) | |
| 245 | 1 | _aRaspa de mandioca como alternativa para melhorar a renda da pequena produção do semi-árido do Nordeste | |
| 260 | 3 |
_aPetrolina, PE (Brasil): _c2004. |
|
| 300 | _a18 p. | ||
| 490 |
_aBoletim de Pesquisa e Desenvolvimento - EMBRAPA Semi-Árido (Brazil) _vno. 60 _xISSN 1516-1641 |
||
| 500 | _aSummaries (En, Pt) | ||
| 650 | _aMANDIOCA | ||
| 650 | _aRASPA | ||
| 650 | _aADOÇÃO DE INOVAÇÕES | ||
| 650 | _aPEQUENO PRODUTOR | ||
| 650 | _aDESENVOLVIMENTO RURAL | ||
| 650 | _aASSOCIATIVISMO | ||
| 650 | _aNORDESTE | ||
| 909 |
_a202312 _bLúcia Elande _c55 _dLúcia Elande |
||
| 942 |
_2AGRIS _n0 _cMS |
||
| 999 |
_c294107 _d294107 |
||